| 000 | 00915cam a2200193 4500 | ||
|---|---|---|---|
| 001 | WB3803-17 | ||
| 008 | 020124n2002 000 0 eng u | ||
| 035 | _a(Sirsi) u116429 | ||
| 245 | _aFlexible planning | ||
| 260 | _c2002 | ||
| 490 |
_aDTLR News Release _v(015) 24 January 2002, (2) |
||
| 520 | _aThe Planning Minister publishes options to help the planning system strike a balance between promoting business and protecting the local environment. Government is seeking views on whether the Use Classes Order is still relevant, and whether there are ways to cut down on unnecessary planning applications. Responses to the consultation document by 24 April 2002. E: [email protected] | ||
| 590 | _aWB | ||
| 650 | _aPLANNING SYSTEM | ||
| 650 | _aREFORM | ||
| 650 | _aTOWN AND COUNTRY PLANNING (USE CLASSES) ORDERS | ||
| 690 | _aENVIRONMENTAL AND LAND CONSULTANCY-PLANNING AND DEVELOPMENT | ||
| 942 | _n0 | ||
| 999 |
_c69352 _d69352 |
||